Stops of the Edmonton LRT System - Statistics

General Stats
  • This quiz has been taken 22 times
  • The average score is 27 of 37
Answer Stats
Hint Answer % Correct
Capital Line Southgate
100%
Capital Line University
100%
Metro Line University
100%
Metro Line NAIT/Blatchford Market
93%
Capital Line South Campus/Fort Edmonton Park
93%
Capital Line Central
87%
Metro Line Central
87%
Capital Line Century Park
87%
Capital Line Clareview
87%
Capital Line Corona
87%
Metro Line Corona
87%
Capital Line Health Sciences/Jubilee
87%
Metro Line Health Sciences/Jubilee
87%
Metro Line Kingsway/Royal Alex
87%
Capital Line Bay/Enterprise Square
80%
Metro Line Bay/Enterprise Square
80%
Capital Line Churchill
80%
Metro Line Churchill
80%
Valley Line Churchill
80%
Capital Line McKernan/Belgravia
80%
Valley Line Mill Woods
80%
Capital Line Stadium
80%
Capital Line Belvedere
73%
Metro Line MacEwan
73%
Capital Line Coliseum
67%
Capital Line Government Centre
60%
Metro Line Government Centre
60%
Valley Line 102 St
53%
Valley Line Bonnie Doon
53%
Valley Line Grey Nuns
53%
Valley Line Muttart
53%
Valley Line Quarters
53%
Valley Line Strathearn
53%
Valley Line Davies
47%
Valley Line Millbourne/Woodvale
47%
Valley Line Avonmore
40%
Valley Line Holyrood
27%
No matching quizzes found
Score Distribution
Percent of People with Each Score
Percentile by Number Answered
Your Score History
You have not taken this quiz